|
|
|
|
| LEADER |
02263nam a2200469 a 4500 |
| 001 |
17674 |
| 003 |
BD-DhAAL |
| 005 |
20140630105708.0 |
| 008 |
140630s1997 nyua b 000 0 eng c |
| 010 |
|
|
|a 2001274123
|
| 020 |
|
|
|a 1890671010
|
| 020 |
|
|
|a 1890671002
|
| 035 |
|
|
|a (OCoLC)ocm38220057
|
| 040 |
|
|
|a NLM
|c NLM
|d SYL
|d ZBL
|d DLC
|d BD-DhAAL
|
| 041 |
|
|
|a eng
|
| 050 |
0 |
0 |
|a KQC445
|b .W66 1997
|
| 060 |
0 |
0 |
|a 2000 F-689
|
| 060 |
1 |
0 |
|a WQ 33 HA1
|b W872 1997
|
| 082 |
|
|
|2 20
|a 342.4419
|
| 245 |
0 |
0 |
|a Women of the world :
|b laws and policies affecting their reproductive lives : anglophone Africa /
|c Center for Reproductive Law and Policy, International Federation of Women Lawyers (Kenya Chapter) F.I.D.A.-K.
|
| 250 |
|
|
|a 1st ed.
|
| 260 |
|
|
|a New York, NY :
|b Center for Reproductive Law and Policy,
|c 1997.
|
| 300 |
|
|
|a 173 p. :
|b ill. ;
|c 28 cm.
|
| 500 |
|
|
|a Report edited and partially drafted by Viviana Waisman and Anika Rahman.
|
| 504 |
|
|
|a Includes bibliographical references.
|
| 505 |
0 |
|
|a 1. Introduction -- 2. Ethiopia -- 3. Ghana -- 4. Kenya -- 5. Nigeria-- 6. South Africa -- 7. Tanzania -- 8. Zimbabwe -- 9. Regional trends in reproductive rights.
|
| 525 |
|
|
|a Kept up to date by supplement with subtitle: Progress report 2001 (175 p.).
|
| 541 |
|
|
|e 17674
|
| 650 |
|
0 |
|a Human reproduction
|x Law and legislation
|z Africa, English-speaking.
|9 5209
|
| 650 |
|
0 |
|a Reproductive rights
|z Africa, English-speaking.
|9 5210
|
| 650 |
1 |
2 |
|a Reproductive Medicine
|x legislation & jurisprudence
|z Africa.
|9 5211
|
| 650 |
2 |
2 |
|a Health Policy
|z Africa.
|9 5212
|
| 650 |
2 |
2 |
|a Women's Health
|z Africa.
|9 5213
|
| 650 |
2 |
2 |
|a Women's Rights
|z Africa.
|9 5214
|
| 700 |
1 |
|
|a Waisman, Viviana.
|9 5215
|
| 700 |
1 |
|
|a Rahman, Anika.
|9 5216
|
| 710 |
2 |
|
|a Center for Reproductive Law & Policy.
|9 5217
|
| 710 |
2 |
|
|a International Federation of Women Lawyers.
|b Kenya Chapter.
|9 5218
|
| 740 |
0 |
2 |
|a Women of the world : laws and policies affecting their reproductive lives : anglophone Africa : progress report 2001.
|
| 942 |
|
|
|2 ddc
|c BK
|
| 999 |
|
|
|c 32818
|d 32818
|
| 952 |
|
|
|0 0
|1 0
|2 ddc
|4 0
|6 342_441900000000000_WOM
|7 0
|9 42867
|a BRACUL
|b BRACUL
|c GEN
|d 2014-06-30
|l 0
|o 342.4419 WOM
|p 3010017674
|r 2014-06-30
|t 1
|w 2014-06-30
|y BK
|x Transferred from ENH to Ayesha Abed library on 20/12/2023
|